Biblioteca

Acerca del Alma / Alejandro de Afrodisias ; (Registro nro. 45084)

Detalles MARC
000 -LÍDER
Campo fijo de descripción fija 01272cam a2200325 i 4500
001 - NÚMERO DE CONTROL
Campo de control 18671
003 - IDENTIFICADOR DEL NÚMERO DE CONTROL
Campo de control CO-MdFUSB
005 - FECHA Y HORA DE LA ULTIMA TRANSACCIÓN
control field 20220903092805.0
008 - ELEMENTOS DE LONGITUD FIJA -- INFORMACIÓN GENERAL
Campo fijo de descripción fija -- Información general 220903t2013 sp |||| |||| 00| 0 spa d
020 ## - NÚMERO INTERNACIONAL NORMALIZADO PARA LIBROS
Número Internacional Normalizado del libro 978-84-2493-669-3
040 ## - FUENTE DE CATALOGACIÓN
Idioma de catalogación spa.
Agencia de catalogación original CO-MdFUSB
Agencia que realiza la transcripción CO-MdFUSB
Agencia que realiza la modificación CO-MdFUSBC
Convenciones de la descripción rda
041 ## - CÓDIGO DE IDIOMA
Código de idioma para texto/pista de sonido o título separado spa
082 04 - NÚMERO DE CLASIFICACIÓN DECIMAL DEWEY
Número de clasificación A3664a
100 1# - ASIENTO PRINCIPAL--NOMBRE PERSONAL
Nombre personal Alejandro de Afrodisias = Acerca del Destino
Término relacionador Autor
245 10 - TÍTULO
Título del Material Acerca del Alma / Alejandro de Afrodisias ;
Mención de responsabilidad, etc. / traducción, introducción y notas de José Manuel García Valverde
264 #1 - PRODUCCIÓN, PUBLICACIÓN, DISTRIBUCIÓN, MANUFACTURA, Y COPYRIGHT
Lugar de producción, publicación, distribución, manufactura Madrid :
Nombre del productor, publicador, distribuidor Gredos,
Fecha de producción, publicación, distribución, manufactura, o copyright [2013]
264 #4 - PRODUCCIÓN, PUBLICACIÓN, DISTRIBUCIÓN, MANUFACTURA, Y COPYRIGHT
Fecha de producción, publicación, distribución, manufactura, o copyright © 2013
300 ## - DESCRIPCIÓN FÍSICA
Extensión 366 páginas
Dimensiones ;
336 ## - TIPO DE CONTENIDO
Fuente rdacontent
Término de tipo de contenido texto
Código de tipo de contenido txt
337 ## - TIPO DE MEDIO
Fuente rdamedia
Nombre del tipo de medio sin mediación
Código del tipo de medio n
338 ## - TIPO DE SOPORTE
Fuente rdacarrier
Nombre del tipo de soporte volumen
Código Tipo de soporte nc
501 ## - NOTA DE “CON”
Nota de Contenido pasta dura
505 ## - NOTA DE CONTENIDO
Nota de contenido con formato preestablecido Acerca del Alma : La tradición peripatética desde Aristotpeles hasta Alejandro de Afrodisias -- Alejandro de Afrodisias: vida y obra -- El tratado Acerca del alma: la psicología de Alejandro de Afrodisias -- ¿Alejandro místico? Acerca del Destino : Introducción -- Notas de crítica textual -- Bibliografía -- Acerca del Destino
653 ## - TÉRMINO DE INDIZACIÓN - NO CONTROLADO
Término no controlado Retorica
653 ## - TÉRMINO DE INDIZACIÓN - NO CONTROLADO
Término no controlado Alejandro de afrodisias
653 ## - TÉRMINO DE INDIZACIÓN - NO CONTROLADO
Término no controlado Alma
653 ## - TÉRMINO DE INDIZACIÓN - NO CONTROLADO
Término no controlado Destino
942 ## - TIPO DE MATERIAL (KOHA)
Tipo de Item KOHA Libros General
945 ## - INFORMACIÓN LOCAL DEL REGISTRO
Catalogador Estudiante
Existencias
Estado de Material Estado de Perdido Forma de Clasificación Estado de Dañado No para Préstamo Colección Tomo Biblioteca de Origen Biblioteca Permanente Ubicación en Estantería Fecha de Adquisición Total de Préstamos Signatura Topográfica Código de Barras Última vez visto Ejemplar/Existencia Fecha de Remplazo Tipo de Material
    Dewey Decimal Classification     Colección de Referencia   Biblioteca FUSBC Biblioteca FUSBC Clásicos 16/10/2014   R 888.01 GA366a 18656 12/12/2019 Ej. 1 26/01/2016 Libros de Referencia

Biblioteca FUSBC | Teléfono: (57+4) 349 88 10 Ext. 141| WhatsApp (+57) 3005338115 
E-mail: biblioteca@unisbc.edu.co | Calle 76 87-14 Robledo Palenque, Medellín, Colombia

Con tecnología Koha